El modernismo en la obra poética de Rafael Cardona J.

保存先:
書誌詳細
第一著者: Rodríguez Calderón, Justino
フォーマット: 図書
言語:Undetermined
出版事項: San José, Costa Rica Escuela de Filología, Lingüística y Literatura,Universidad de Costa Rica 1978
主題:
タグ: タグ追加
タグなし, このレコードへの初めてのタグを付けませんか!

MARC

LEADER 00000nam a2200000Ia 4500
008 170316s9999 xx 000 0 und d
040 |a cru BVZT 
090 |a TESIS 175 
100 |a Rodríguez Calderón, Justino 
245 |a El modernismo en la obra poética de Rafael Cardona J. 
260 |a San José, Costa Rica 
260 |b Escuela de Filología, Lingüística y Literatura,Universidad de Costa Rica 
260 |c 1978 
300 |a 208 páginas 
650 |a LICENCIATURA EN FILOLOGÍA ESPAÑOLA 
650 |a TRABAJO FINAL DE GRADUACIÓN 
999 |c 13784  |d 13784 
942 |c TFG  |h TESIS 175  |2 z